| 000 | 00961nam a2200205Ia 4500 | ||
|---|---|---|---|
| 003 | GCL | ||
| 008 | 140319s9999 xx 000 0 ara d | ||
| 040 |
_aGCL / _cGCL |
||
| 082 | 0 | 4 |
_a263.5 _bع ف |
| 100 | 1 | _aابن العربى : محيى الدين ابو بكر محمد بن على بن محمد بن احمد بن عبدالله الحاتمى الطائى الاندلسى | |
| 245 | 1 | 0 |
_aالفتوحات المكية / _cابن العربى : محيى الدين ابو بكر محمد بن على بن محمد بن احمد بن عبدالله الحاتمى الطائى الاندلسى |
| 260 |
_aبيروت : _bدار الصادر |
||
| 300 |
_a4 مجلدات ؛ _c30 سم |
||
| 650 | 0 | 4 | _aالتصوف الاسلامى |
| 650 | 0 | 4 | _aالتصوف |
| 650 | 0 | 4 | _aالعقائد |
| 650 | 0 | 4 | _aالدين الاسلامى |
| 650 | 0 | 4 | _aالتصوف الاسلامى - المقامات والأحوال والاصطلاحات |
| 942 |
_2ddc _cBK |
||
| 999 |
_c35789 _d35789 |
||